Walking through Philippine theater I (Record no. 8086)

MARC details
000 -LEADER
fixed length control field 00993nam a22003017i 4500
001 - CONTROL NUMBER
control field 17264401
003 - CONTROL NUMBER IDENTIFIER
control field URS
005 - DATE AND TIME OF LATEST TRANSACTION
control field 20220114153042.0
008 - FIXED-LENGTH DATA ELEMENTS--GENERAL INFORMATION
fixed length control field 161013b xxu||||| |||| 00| 0 eng d
010 ## - LIBRARY OF CONGRESS CONTROL NUMBER
LC control number 2012325151
020 ## - INTERNATIONAL STANDARD BOOK NUMBER
International Standard Book Number 9789715066266 (v. 1)
040 ## - CATALOGING SOURCE
Original cataloging agency DLC
Description conventions rda
Transcribing agency URSP-College Library
Modifying agency DLC
Language of cataloging eng
042 ## - AUTHENTICATION CODE
Authentication code lcode
-- pcc
043 ## - GEOGRAPHIC AREA CODE
Geographic area code a-ph---
050 00 - LIBRARY OF CONGRESS CALL NUMBER
Classification number GV1703.P6
Item number 792.809599 V71w 2012
100 1# - MAIN ENTRY--PERSONAL NAME
Personal name Villaruz, Basilio Esteban S.
245 10 - TITLE STATEMENT
Title Walking through Philippine theater I
Statement of responsibility, etc. Basilio Esteban S. Villaruz.
264 #1 - PRODUCTION, PUBLICATION, DISTRIBUTION, MANUFACTURE, AND COPYRIGHT NOTICE
Place of production, publication, distribution, manufacture España, Manila, Philippines :
Name of producer, publisher, distributor, manufacturer University of Santo Tomas Pub. House,
Date of production, publication, distribution, manufacture, or copyright notice 2012-
300 ## - PHYSICAL DESCRIPTION
Extent volume <1-3> ;
Dimensions 23cm
336 ## - CONTENT TYPE
Content type term text
Content type code txt
Source rdacontent
337 ## - MEDIA TYPE
Media type term unmediated
Media type code n
Source rdamedia
338 ## - CARRIER TYPE
Carrier type term volume
Carrier type code nc
Source rdacarrier
650 #0 - SUBJECT ADDED ENTRY--TOPICAL TERM
Topical term or geographic name entry element Dance
Geographic subdivision Philippines.
650 #0 - SUBJECT ADDED ENTRY--TOPICAL TERM
Topical term or geographic name entry element Theater
Geographic subdivision Philippines.
906 ## - LOCAL DATA ELEMENT F, LDF (RLIN)
a 7
b cbc
c origode
d 3
e ncip
f 20
g y-gencatlg
942 ## - ADDED ENTRY ELEMENTS (KOHA)
Source of classification or shelving scheme Library of Congress Classification
Koha item type Filipiniana
Holdings
Withdrawn status Source of classification or shelving scheme Damaged status Not for loan Collection code Home library Current library Shelving location Date acquired Source of acquisition Total Checkouts Full call number Barcode Date last seen Copy number Price effective from Koha item type
  Library of Congress Classification     Non-fiction Pililla College Library Pililla College Library General Stacks 10/13/2016 purchased   792.809599 V71w 2012 URSPIL-4629 07/25/2018 1 10/13/2016 Filipiniana
  Library of Congress Classification     Non-fiction Pililla College Library Pililla College Library General Stacks 10/13/2016 purchased   792.809599 V71w 2012 URSPIL-4630 07/25/2018 2 10/13/2016 Filipiniana
  Library of Congress Classification     Non-fiction Pililla College Library Pililla College Library General Stacks 10/13/2016 purchased   792.809599 V71w 2012 URSPIL-4631 07/25/2018 3 10/13/2016 Filipiniana

University of Rizal System
Email us at univlibservices@urs.edu.ph

Visit our Website www.urs.edu.ph/library